Η θεωρητική θεμελίωση της δημοκρατίας στην κλασσική Ελλάδα : επίμετρο ; στοιχεία της δημοκρατικής επιχειρηματολογίας των κλασσικών χρόνων στην νεώτερη ευρωπαϊκή πολιτική σκέψη
Αποθηκεύτηκε σε:
| Κύριος συγγραφέας: | |
|---|---|
| Μορφή: | Βιβλίο |
| Γλώσσα: | Greek |
| Δημοσίευση: |
Αθήνα :
Παπαζήσης,
1979.
|
| Θέματα: | |
| Ετικέτες: |
Προσθήκη ετικέτας
Δεν υπάρχουν, Καταχωρήστε ετικέτα πρώτοι!
|
MARC
| LEADER | 00000cam a2200000 i 4500 | ||
|---|---|---|---|
| 001 | 1/97978 | ||
| 008 | 950228s1979 gr | |||| ||| ||gre|| | ||
| 035 | |l 10010761 | ||
| 040 | |a GR-MY-UA |b gre |e aacr | ||
| 041 | 0 | |a gre | |
| 082 | 7 | |a 938.106 |2 (22) | |
| 100 | 1 | |a Τουλουμάκος, Ιωάννης. | |
| 245 | 1 | 2 | |a Η θεωρητική θεμελίωση της δημοκρατίας στην κλασσική Ελλάδα : |b επίμετρο ; στοιχεία της δημοκρατικής επιχειρηματολογίας των κλασσικών χρόνων στην νεώτερη ευρωπαϊκή πολιτική σκέψη / |c Iω. Σ. Τουλουμάκου. |
| 260 | |a Αθήνα : |b Παπαζήσης, |c 1979. | ||
| 300 | |a xxiv, 370 σ. ; |c 24 εκ. | ||
| 504 | |a Περιλαμβάνει βιβλιογραφικές παραπομπές και ευρετήριο. | ||
| 650 | 0 | 0 | |a Democracy |z Greece. |
| 651 | 0 | |a Greece |x History |y To 146 B.C. | |
| 852 | |a INST |b LESVOS |e 19950228 |h 938.106 ΤΟΥ |p 005100002666 |q 005100002666 |t BK |y 0 | ||
| 909 | |a Λ |b 018558 | ||
| 922 | |a 1ΕΛΗ |b 199011 |c ΠΠ/131 | ||
| 970 | |z 1995/02 | ||